000 01303 a2200253 4500
999 _c9208
_d9208
020 _a9781107028937
020 _a9781107609365 (pbk.)
050 0 0 _aJC571PER2013
245 0 4 _aThe persistent power of human rights :
_bfrom commitment to compliance /
_cThomas Risse, Stephen C. Ropp, and Kathryn Sikkink (eds.).
264 1 _aCambridge :
_bCambridge University Press,
_c[2013].
300 _axiv, 350 pages ;
500 _aincludes index
504 _aIncludes bibliographical references (p. 296-333) and index.
650 0 _aHuman rights.
650 7 _aPOLITICAL SCIENCE / International Relations / General.
700 1 _aRisse-Kappen, Thomas,
_eeditor of compilation.
700 1 _aRopp, Stephen C.,
_eeditor of compilation.
700 1 _aSikkink, Kathryn,
_d1955-
_eeditor of compilation.
856 4 2 _3Contributor biographical information
_uhttp://www.loc.gov/catdir/enhancements/fy1215/2012033993-b.html
856 4 2 _3Publisher description
_uhttp://www.loc.gov/catdir/enhancements/fy1215/2012033993-d.html
856 4 1 _3Table of contents only
_uhttp://www.loc.gov/catdir/enhancements/fy1215/2012033993-t.html
942 _2lcc
_cBK
_h571
_iPER
_kJC